ბათუმის შოთა რუსთაველის სახელმწიფო უნივერსიტეტის ბიბლიოთეკა

როგორ დავსაქმდეთ? / (ბიბ.ჩანაწერი № 63561)

000 -ლიდერი
ფიქსირებული სიგრძის საკონტროლო ველი 01941nam a22002777a 4500
003 - საკონტროლო ნომრის იდენტიფიკატორი
საკონტროლო ველი Ge_BSU
005 - ბოლო ოპერაციის თარიღი და დრო
საკონტროლო ველი 20251030154028.0
008 - ფიქსირებული სიგრძის მონაცემთა ელემენტები - ზოგადი ინფორმაცია
ფიქსირებული სიგრძის საკონტროლო ველი 251030s2006 ge ||||| |||| 00| 0 geo d
020 ## - წიგნის საერთაშორისო სტანდარტული ნომერი
International Standard Book Number 9994087894
041 ## - ენის კოდი
Language code of text/sound track or separate title geo
080 ## - უნივერსალური ათობითი კლასიფიკაციის ინდექსი
Universal Decimal Classification number 331.5(075.8) რ-72
100 ## - მთავარი ჩანაწერი - პიროვნების სახელი
Personal name ძოძუაშვილი, მაია
9 (RLIN) 26134
245 ## - ცნობა სათაურის შესახებ
Title როგორ დავსაქმდეთ? /
Statement of responsibility, etc სახელმძღვანელოს შემუშავებაზე მუშაობდნენ: მაია ძოძუაშვილი, კახა გვანცელაძე, სეთ ლანდაუ [და სხვა] ; საქართველოს ახალგაზრდა ეკონომისტთა ასოციაციის იმერეთის ფილიალი, იმერეთის ახალგაზრდობის კავშირი.
264 ## - წარმოების, გამოცემის, დისტრიბუციის და სხვა ცნობები
გამოცემის, წარმოების, დისტრიბუციის... ადგილი ქუთაისი,
გამოცემის, წარმოების, დისტრიბუციის... თარიღი 2006.
300 ## - ფიზიკური აღწერა
Extent 144 გვ. :
Other physical details ცხრ. ;
Dimensions 20 სმ.
490 ## - სერიის ცნობა
Series statement პროფესიონალური სამყარო
653 ## - INDEX TERM--UNCONTROLLED
Uncontrolled term დასაქმება
700 ## - ADDED ENTRY--PERSONAL NAME
Personal name გვანცელაძე, კახა
Relator term ავტორი
9 (RLIN) 26135
700 ## - ADDED ENTRY--PERSONAL NAME
Personal name ლანდაუ, სეთ
Relator term ავტორი
9 (RLIN) 26136
700 ## - ADDED ENTRY--PERSONAL NAME
Personal name კლდიაშვილი, პაატა
Relator term ავტორი
9 (RLIN) 26137
700 ## - ADDED ENTRY--PERSONAL NAME
Personal name ოყრეშიძე, ლევან
Relator term ავტორი
9 (RLIN) 26138
700 ## - ADDED ENTRY--PERSONAL NAME
Personal name მონიო, ემო
Relator term ავტორი
9 (RLIN) 26139
700 ## - ADDED ENTRY--PERSONAL NAME
Personal name ჰოდემენ, ლისა
Relator term ავტორი
9 (RLIN) 26140
710 ## - ADDED ENTRY--CORPORATE NAME
Corporate name or jurisdiction name as entry element საქართველოს ახალგაზრდა ეკონომისტთა ასოციაციის იმერეთის ფილიალი.
Subordinate unit იმერეთის ახალგაზრდობის კავშირი
9 (RLIN) 26141
942 ## - ADDED ENTRY ELEMENTS (KOHA)
Source of classification or shelving scheme
Koha item type წიგნი
ეგზემპლარები
ჩამოწერის სტატუსი დაკარგული ეგზემპლარის სტატუსი კლასიფიკაციის წყარო ან თაროზე გაწყობის სქემა დაზიანების სტატუსი არ გაიცემა მუდმივი მდებარეობა (დაცვის ადგილი) ამჟამინდელი ადგილსამყოფელი თაროზე განთავსების ადგილი შეძენის თარიღი ღირებულება, შესყიდვის ნორმალური ფასი სრული შენახვის შიფრი შტრიხკოდი ბოლო ოპერაციის თარიღი ეგზემპლარის მიმდევრობითი ნომერი (კეტერი?) ფასის ძალაში შესვლის თარიღი ეგზემპლარის სახეობა საჯარო შენიშვნა
          ბათუმის შოთა რუსთაველის სახელმწიფო უნივერსიტეტის მთავარი ბიბლიოთეკა ბათუმის შოთა რუსთაველის სახელმწიფო უნივერსიტეტის მთავარი ბიბლიოთეკა წიგნსაცავი 2025-10-30 4.00 331.5(075.8) რ-72 72873 2025-10-30 72873 2025-10-30 წიგნი 4 ლ.